New English file : elementary student's book /

Hlavní autor: Oxenden, Clive, 1953-
Další autoři: Latham-Koenig, Christina, 1952-, Seligson, Paul
Jazyk: Angličtina
Vydáno: Oxford : Oxford University Press, 2004
Vydání: 1st pub.
Edice: Oxford English
Témata:
Fyzický popis: 159 s. : barev. il. + sada 3 kompaktních disků CD-A 135
Knihy
Uloženo v:
LEADER 01481nam a2200385 4500
001 000997156
003 CZ BrMZK
005 20201025173938.0
007 ta
008 010825s2004 enka g p 0 eng
020 |a 019438425X  |q (brož.) 
040 |a BOA001  |b cze 
072 7 |a 811.111  |x Angličtina  |2 Konspekt  |9 11 
072 7 |a 37.016  |x Učební osnovy. Vyučovací předměty. Učebnice  |2 Konspekt  |9 22 
080 |a 811.111  |2 MRF 
080 |a (075)  |2 MRF 
080 |a (07.062)81  |2 MRF 
100 1 |a Oxenden, Clive,  |d 1953-  |7 pna2005301759  |4 aut 
245 1 0 |a New English file :  |b elementary student's book /  |c Clive Oxenden, Christina Latham-Koenig, Paul Seligson 
246 3 0 |a New English file - elementary 
250 |a 1st pub. 
260 |a Oxford :  |b Oxford University Press,  |c 2004 
300 |a 159 s. :  |b barev. il. +  |e sada 3 kompaktních disků CD-A 135 
490 1 |a Oxford English 
650 7 |a angličtina  |7 ph114056  |2 czenas 
653 0 |a jazyková úroveň A2 
655 7 |a učebnice  |7 fd133770  |2 czenas 
655 7 |a jazykové učebnice, texty, příručky (A)  |7 fd600889  |2 czenas 
700 1 |a Latham-Koenig, Christina,  |d 1952-  |7 xx0044122  |4 aut 
700 1 |a Seligson, Paul  |7 xx0051938  |4 aut 
830 0 |a Oxford English 
910 |a BOA001  |b AK-0004.614,1 
990 |a BK 
991 |b 200910  |y British Council Brno - Czech Republic  |z 000045729  |x 99 
996 7 |b 261E003484  |c AK-0004.614,1  |l Anglická knihovna/2.patro  |r ZHR  |n 14  |h CA 17  |w 000997156  |u 000030  |a 0  |e BOA001  |j MZK50  |s A